| 000 | 00558nam a22001817a 4500 | ||
|---|---|---|---|
| 999 |
_c17253 _d17253 |
||
| 008 | 160921b xxu||||| |||| 00| 0 eng d | ||
| 020 | _a0195664159 | ||
| 040 |
_aKABU _cKABU |
||
| 050 |
_aRM217 _b.A58 2002 c.1 |
||
| 100 | _aAntia, F.P. | ||
| 245 |
_aClinical dietetics and nutrition _cby F.P. Antia and Philip Abraham |
||
| 250 | _a4th ed. | ||
| 260 |
_aNew Delhi _bOxford university press _c2002 |
||
| 300 | _axix, 524 p. | ||
| 650 | _2Dietetics | ||
| 700 | _aAbraham, Philip | ||
| 942 |
_2lcc _cBK _e4th ed. _hRM217 .A58 2002 c.1 |
||